• 首页
  • 本馆介绍
  • 公告通知
  • 最新文献
  • 馆藏检索
  • 电子资源
  • 读者荐购
  • 参考咨询
  • CALIS
  • 我的图书馆
  • 登录
  • 详细信息显示
  • 放入我的书架
  • 预约/预借图书
  • 作者相关作品
  • 分类相关作品
  • 丛书相关作品
  • 出版社相关作品

书目信息

  • 表格格式
  • 工作单格式
  • 卡片格式
题名:
爱因斯坦
    
 
作者: 温晋根 译
分册:  
出版信息: 北京   外语教学与研究出版社  2000.01
页数: 168页
开本: 16开
丛书名:
单 册:
中图分类: H319.4:K
科图分类:
主题词: 英语
电子资源:
ISBN: 7-5600-1629-4
 
 
 
 
 
000 00503nam0 2200181 45
001 0009121788
005 20041019080748.97
010    @a7-5600-1629-4@dCNY 13.90
100    @a20000912d2000 km y0chiy0120 ea
101 0  @achi
200 1  @a爱因斯坦@AAi Yin Si Tan@f温晋根(译)@FWen Jin Gen(Yi)
210    @a北京@c外语教学与研究出版社@d2000.01
215    @a168页@d16开
606 0  @a英语
690    @aH319.4:K@v3
701  0 @a温晋根@4译
801    @aCN@bPftUser@c20041019
905    @b138145-149@dH319.4:K@eSH125@f5
    
    爱因斯坦/温晋根(译).-北京:外语教学与研究出版社,2000.01
    168页;16开
    
    
    ISBN 7-5600-1629-4:CNY 13.90
    
●
相关链接 在E读中查询图书 在当当中查询图书 在豆瓣中查询图书


正题名:爱因斯坦     索取号:H319.4:K/SH125         预约/预借

序号 登录号 条形码 馆藏地/架位号 状态 备注
1 138145   201381450   语言库209/209语言库 56排7列6层/ [索取号:H319.4:K/SH125] 在馆    
2 138146   201381469   语言库209/209语言库 56排7列6层/ [索取号:H319.4:K/SH125] 在馆    
3 138147   201381478   语言库209/209语言库 56排7列6层/ [索取号:H319.4:K/SH125] 在馆    
4 138148   201381487   语言库209/209语言库 56排7列6层/ [索取号:H319.4:K/SH125] 在馆    
5 138149   201381496   语言库209/209语言库 56排7列6层/ [索取号:H319.4:K/SH125] 在馆    
6 420710   204207107   外国语学院资料室/ [索取号:H319.4:K/SH125] 在馆    
河南城建学院图书馆 欢迎您!
大连网信软件有限公司© 版权所有